000 01520nam a2200349 a 4500
001 ebr10288085
003 CaPaEBR
006 m u
007 cr cn|||||||||
008 070323s2008 wiu sb s001 0 eng c
010 _z 2007011770
020 _z9780299223502 (cloth : alk. paper)
020 _z0299223507 (cloth : alk. paper)
040 _aCaPaEBR
_cCaPaEBR
035 _a(OCoLC)318240553
041 1 _aeng
_hger
050 1 4 _aD421
_b.D5613 2008eb
082 0 4 _a909.82
_222
100 1 _aDiner, Dan,
_d1946-
240 1 0 _aJahrhundert verstehen.
_lEnglish
245 1 0 _aCataclysms
_h[electronic resource] :
_ba history of the twentieth century from Europe's edge /
_cDan Diner ; translated by William Templer with Joel Golb.
260 _aMadison, Wis. :
_bUniversity of Wisconsin Press,
_cc2008.
300 _aviii, 322 p.
490 1 _aGeorge L. Mosse series in modern European cultural and intellectual history
504 _aIncludes bibliographical references (p. 253-301) and index.
533 _aElectronic reproduction.
_bPalo Alto, Calif. :
_cebrary,
_d2013.
_nAvailable via World Wide Web.
_nAccess may be limited to ebrary affiliated libraries.
650 0 _aHistory, Modern
_y20th century.
655 7 _aElectronic books.
_2local
710 2 _aebrary, Inc.
830 0 _aGeorge L. Mosse series in modern European cultural and intellectual history.
856 4 0 _uhttp://site.ebrary.com/lib/rucke/Doc?id=10288085
_zAn electronic book accessible through the World Wide Web; click to view
999 _c893
_d893